00989nam a2200169 i 4500001000700000003000900007005001700016007000300033008004100036100005300077245043400130260007600564300002600640530003500666852005700701856006100758103078ES-MaACL20251120063137.0t|060110s1786 sp |||| | spa d1 aLa Martinière, Germain Pichaut de, d1696-178310aMemorial presentado a S.M. Christianisima por el primer cirujano de su Real Cámara [G.P. de la Martinière] b: Sentencia de S.M. y reales declaraciones ulteriores, traducidas del francés al español por el L.D.J.A.C. cirujano, en defensa de los memoriales presentados al mismo soberano por su primer médico, que traduxo al español y roboró el Dr. Don Jayme Menos, médico de los Reales Exercicos de S.M. Católica. aBarcelona : bpor Francisco Suriá y Burgada, imp. del Rey..., c1786. a[4], 39 p. ; c20 cm. aDisponible en formato digital. aES-MaACLjR-3431(15) z. - Ex libris de Mateo Seoane uhttps://archive.org/details/b3035495x zInternet Archive